[Event "16th Sants Open 2014"]
[Site "Barcelona ESP"]
[Date "2014.08.23"]
[Round "2.44"]
[White "Gonzalez Rodriguez, Jorge A."]
[Black "Stoeri, Laura"]
[Result "1-0"]
[WhiteTitle "IM"]
[BlackTitle "WFM"]
[WhiteElo "2382"]
[BlackElo "2123"]
[WhiteFideId "4400240"]
[BlackFideId "1304313"]
[EventDate "2014.08.22"]

1. b3 d5 2. e3 Bf5 3. Nf3 c6 4. Bb2 e6 5. d4 Nd7 6. Be2 Bd6 7. O-O h6 8. c4 Ngf6
9. Nc3 O-O 10. c5 Bc7 11. b4 e5 12. b5 e4 13. Nd2 Re8 14. bxc6 bxc6 15. Qa4
Bxh2+ 16. Kxh2 Qb8+ 17. Kg1 Qxb2 18. Qb3 Rab8 19. Qxb2 Rxb2 20. Nb3 Rc2 21. Rfc1
Rxc1+ 22. Rxc1 Nb8 23. Na5 Bg4 24. Bf1 Bc8 25. Rb1 Nfd7 26. a3 Kf8 27. Nb7 Bxb7
28. Rxb7 a6 29. Na2 Ke7 30. Ra7 Kd8 31. Nb4 Re7 32. Bxa6 Nxa6 33. Nxc6+ Ke8 34.
Rxa6 1-0

[Event "16th Sants Open 2014"]
[Site "Barcelona ESP"]
[Date "2014.08.23"]
[Round "2.45"]
[White "Mazet, Julien"]
[Black "Zude, Erik"]
[Result "0-1"]
[BlackTitle "IM"]
[WhiteElo "2088"]
[BlackElo "2381"]
[WhiteFideId "617954"]
[BlackFideId "4604644"]
[EventDate "2014.08.22"]

1. d4 Nf6 2. Nf3 g6 3. c4 Bg7 4. Nc3 d6 5. g3 O-O 6. Bg2 Nbd7 7. O-O e5 8. e4 c6
9. d5 Nc5 10. Ne1 cxd5 11. cxd5 a5 12. Nd3 b6 13. Re1 Nxd3 14. Qxd3 Nd7 15. Be3
Nc5 16. Qc4 f5 17. exf5 Bxf5 18. a3 Qd7 19. Bf1 e4 20. Bd4 Bxd4 21. Qxd4 Nb3 22.
Qxb6 Rab8 23. Qa6 Nxa1 24. Rxa1 Rxb2 25. Qxa5 Qg7 26. Re1 Bg4 27. Nxe4 Bf3 28.
Qc3 Bxe4 29. Qxg7+ Kxg7 30. Rxe4 Rfxf2 31. a4 Rfd2 32. a5 Ra2 33. a6 Rd1 0-1

[Event "16th Sants Open 2014"]
[Site "Barcelona ESP"]
[Date "2014.08.23"]
[Round "2.46"]
[White "Martinez Alcantara, Jose Eduardo"]
[Black "Fernandez Saavedra, Jose Luis"]
[Result "1-0"]
[WhiteTitle "FM"]
[WhiteElo "2379"]
[BlackElo "2114"]
[WhiteFideId "3805662"]
[BlackFideId "2217317"]
[EventDate "2014.08.22"]

1. c4 Nf6 2. g3 e6 3. Bg2 d5 4. Nf3 dxc4 5. Qa4+ Nbd7 6. Qxc4 c5 7. d3 b6 8. Nd4
Nd5 9. Bxd5 exd5 10. Qxd5 Rb8 11. Qe4+ Be7 12. Nf5 Nf6 13. Qxe7+ Qxe7 14. Nxe7
Kxe7 15. Bg5 Bb7 16. f3 h6 17. Bxf6+ Kxf6 18. Kf2 Rbd8 19. Nc3 Rd7 20. Rab1 Rc8
21. b3 Ke6 22. Rhc1 f5 23. Rc2 g5 24. Rbc1 Ba8 25. a3 Bd5 26. Nxd5 Rxd5 27. b4
Kd6 28. Rc3 Rb8 29. e4 fxe4 30. fxe4 Re5 31. Ke3 Rf8 32. d4 cxd4+ 33. Kxd4 Rfe8
34. Rc6+ Kd7 35. Rc7+ Kd8 36. Rc8+ Kd7 37. R1c7+ 1-0

[Event "16th Sants Open 2014"]
[Site "Barcelona ESP"]
[Date "2014.08.23"]
[Round "2.47"]
[White "Baches Garcia, Guillermo"]
[Black "Del Amo Carbo, Jordi"]
[Result "1-0"]
[WhiteTitle "IM"]
[WhiteElo "2377"]
[BlackElo "2112"]
[WhiteFideId "2209764"]
[BlackFideId "2234777"]
[EventDate "2014.08.22"]

1. e4 e5 2. Nf3 Nc6 3. Bb5 Nf6 4. d3 Bc5 5. Bxc6 dxc6 6. Nbd2 Qe7 7. Nc4 Nd7 8.
O-O O-O 9. Qe2 Re8 10. Bd2 f6 11. c3 Nf8 12. Rfe1 Bg4 13. b4 Bd6 14. Ne3 Be6 15.
Nh4 g6 16. g3 Qd7 17. Nc4 Bxc4 18. dxc4 Rad8 19. Rad1 Qe6 20. Nf3 Be7 21. Kg2 a6
22. h3 Rd7 23. Be3 Rxd1 24. Rxd1 Rd8 25. Nd2 Qd7 26. c5 Qd3 27. Qxd3 Rxd3 28.
Rc1 Ne6 29. Kf1 Kf7 30. Ke2 Rd7 31. Nc4 Nd8 32. Rf1 Ke6 33. f4 exf4 34. gxf4 Bf8
35. f5+ gxf5 36. Rxf5 Rg7 37. Bh6 Rg8 38. Bf4 Rg7 39. Bh6 Rg8 40. Bf4 Rg7 41.
Rh5 Rf7 42. e5 fxe5 43. Rxe5+ Kd7 44. Re4 Bg7 45. Kd3 Ne6 46. Be3 Rf5 47. Na5 b6
48. cxb6 cxb6 49. Nxc6 Rf3 50. h4 Kxc6 51. Rxe6+ Kd5 52. Re7 Bf6 53. c4+ Kd6 54.
Rxh7 Rh3 55. Ke4 a5 56. bxa5 bxa5 57. h5 Rh4+ 58. Kf5 Bc3 59. c5+ Kc6 60. Rh6+
Kc7 61. Rh7+ Kc6 62. h6 Ra4 63. Ra7 Rxa2 64. Ra6+ Kd7 65. c6+ Kd8 66. Bg5+ Kc8
67. Bf4 1-0

[Event "16th Sants Open 2014"]
[Site "Barcelona ESP"]
[Date "2014.08.23"]
[Round "2.48"]
[White "Sanchez Enriquez, Oscar Gerardo"]
[Black "Carol Querol, Santiago"]
[Result "1/2-1/2"]
[WhiteTitle "FM"]
[WhiteElo "2374"]
[BlackElo "2106"]
[WhiteFideId "5106311"]
[BlackFideId "2219662"]
[EventDate "2014.08.22"]

1. e4 c5 2. b3 Nc6 3. Bb2 d6 4. f4 Nf6 5. Nc3 g6 6. Bb5 Bg7 7. Qe2 O-O 8. Bxc6
bxc6 9. Nf3 Nh5 10. g3 Qa5 11. Nd1 Nf6 12. O-O Bg4 13. d3 c4 14. bxc4 Bh3 15.
Re1 Bg4 16. Nf2 Rab8 17. Bd4 c5 18. Nxg4 cxd4 19. Nxf6+ Bxf6 20. Nd2 Rb2 21. Nb3
Qc3 22. Rec1 a5 23. Qd1 a4 24. Nd2 Rfb8 25. Nf3 Bg7 26. a3 e5 27. Kg2 Bh6 28. h4
R8b3 1/2-1/2

[Event "16th Sants Open 2014"]
[Site "Barcelona ESP"]
[Date "2014.08.23"]
[Round "2.49"]
[White "Blasco Coll, Andreu"]
[Black "Bergez, Luc"]
[Result "0-1"]
[BlackTitle "IM"]
[WhiteElo "2086"]
[BlackElo "2368"]
[WhiteFideId "22272836"]
[BlackFideId "606600"]
[EventDate "2014.08.22"]

1. d4 d6 2. c4 e5 3. d5 Be7 4. Nc3 Bg5 5. e3 f5 6. Bd3 Nh6 7. Nge2 O-O 8. O-O a5
9. Bc2 Nd7 10. f4 exf4 11. exf4 Bf6 12. Be3 Ng4 13. Bd4 Bxd4+ 14. Qxd4 Qe7 15.
Rf3 Nc5 16. h3 Nf6 17. Re3 Qf7 18. Re1 Bd7 19. Nc1 Qg6 20. Nb3 b6 21. Qd1 Qh6
22. Nxc5 bxc5 23. Qf3 Rab8 24. b3 Nh5 25. Re7 Rbe8 26. Rxe8 Bxe8 27. Re7 Nxf4
28. Rxc7 Bh5 29. Qf2 Re8 30. Kh2 Bg4 31. Qg3 Nxh3 32. gxh3 Re3 0-1

[Event "16th Sants Open 2014"]
[Site "Barcelona ESP"]
[Date "2014.08.23"]
[Round "2.50"]
[White "Gurrutxaga Telleria, Jose Luis"]
[Black "Gullaksen, Eirik"]
[Result "1-0"]
[BlackTitle "IM"]
[WhiteElo "2082"]
[BlackElo "2361"]
[WhiteFideId "2250578"]
[BlackFideId "1500945"]
[EventDate "2014.08.22"]

1. d4 Nf6 2. c4 g6 3. Nc3 Bg7 4. e4 O-O 5. f4 d6 6. Nf3 Na6 7. e5 Ne8 8. Be3 c5
9. dxc5 Bg4 10. cxd6 exd6 11. Be2 Qa5 12. Qd5 Qb4 13. O-O-O dxe5 14. fxe5 Nec7
15. Qd4 Bf5 16. Rd2 Ne6 17. Qh4 Nec5 18. Nd5 Qa5 19. Ne7+ Kh8 20. Nxf5 gxf5 21.
Ng5 h6 22. Rd6 Ne6 23. Nxe6 Qxe5 24. Bd4 Qxd6 25. Qxh6+ 1-0

[Event "16th Sants Open 2014"]
[Site "Barcelona ESP"]
[Date "2014.08.23"]
[Round "2.51"]
[White "Schroeder, Jan-Christian"]
[Black "Ventura Bolet, Maxim"]
[Result "1-0"]
[WhiteTitle "FM"]
[WhiteElo "2367"]
[BlackElo "2089"]
[WhiteFideId "24662259"]
[BlackFideId "22238824"]
[EventDate "2014.08.22"]

1. e4 c6 2. d3 d5 3. Nd2 e5 4. Ngf3 Bd6 5. g3 Nf6 6. Bg2 O-O 7. O-O Re8 8. h3
Nbd7 9. Re1 h6 10. b3 Nf8 11. Bb2 Ng6 12. Re2 d4 13. c3 c5 14. a4 Bf8 15. Nc4
Rb8 16. Qc2 b6 17. Ba3 Ba6 18. Nfd2 Qd7 19. cxd4 cxd4 20. Bxf8 Kxf8 21. Qb2 Bxc4
22. Nxc4 Qe7 23. b4 Rec8 24. Rc2 Rc7 25. Rac1 Rbc8 26. Qb3 Ne8 27. Kh2 Nd6 28.
h4 Nxc4 29. Rxc4 Rxc4 30. Rxc4 Rxc4 31. Qxc4 Qd7 32. a5 Ne7 33. Bh3 Qd6 34. Qb5
g6 35. Bg4 Kg7 36. Bd1 Qc7 37. Bb3 Nc8 38. Qe8 Kf6 39. a6 g5 40. Qh8+ Kg6 41.
h5+ Kxh5 42. Qg7 1-0

[Event "16th Sants Open 2014"]
[Site "Barcelona ESP"]
[Date "2014.08.23"]
[Round "2.52"]
[White "Nohr, Finn"]
[Black "Strunski, Andreas"]
[Result "1/2-1/2"]
[BlackTitle "IM"]
[WhiteElo "2072"]
[BlackElo "2352"]
[WhiteFideId "1406329"]
[BlackFideId "24606073"]
[EventDate "2014.08.22"]

1. e4 c5 2. Nc3 Nc6 3. f4 e6 4. Nf3 d5 5. Bb5 Nf6 6. e5 Nd7 7. Bxc6 bxc6 8. d3
Be7 9. O-O Qc7 10. Qe2 g6 11. b3 Ba6 12. Na4 Nb6 13. Nb2 c4 14. dxc4 Ba3 15. Nd3
Bxc1 16. Raxc1 dxc4 17. Nc5 Bb7 18. Ng5 Nd7 19. Nxd7 Qxd7 20. Qxc4 Qd5 21. Qe2
Rd8 22. Ne4 Qd4+ 23. Kh1 O-O 24. c3 Qb6 25. Qf2 Kg7 26. Qxb6 axb6 27. Rfd1 c5
28. Nd6 Bc6 29. c4 f6 30. Kg1 g5 31. exf6+ Kxf6 32. fxg5+ Ke7 33. Nb5 Rxd1+ 34.
Rxd1 Rf5 35. Nd6 Rf8 36. Nb5 Rf5 37. Nd6 Rf8 38. Nb5 Rf5 1/2-1/2

[Event "16th Sants Open 2014"]
[Site "Barcelona ESP"]
[Date "2014.08.23"]
[Round "2.53"]
[White "Colon Garcia, Enrique"]
[Black "Balague Camps, Marc"]
[Result "1/2-1/2"]
[WhiteTitle "FM"]
[WhiteElo "2343"]
[BlackElo "2085"]
[WhiteFideId "2285940"]
[BlackFideId "2297914"]
[EventDate "2014.08.22"]

1. e4 c5 2. Nf3 e6 3. d4 cxd4 4. Nxd4 Nc6 5. Nc3 Qc7 6. Be2 a6 7. O-O Nf6 8. Be3
Bb4 9. Na4 Be7 10. Nxc6 bxc6 11. Nb6 Rb8 12. Nxc8 Qxc8 13. e5 Nd5 14. Bc1 c5 15.
Bf3 Nb6 16. b3 O-O 17. c4 Qc7 18. Bf4 Rbd8 19. Qe2 d6 20. Rfd1 Nc8 21. Be4 g6
22. Qb2 dxe5 23. Bxe5 Rxd1+ 24. Rxd1 Rd8 25. Re1 Bd6 26. Bh8 Bf8 27. Bf6 Be7 28.
h4 Qf4 29. Be5 Qd2 30. Qxd2 Rxd2 31. a4 Nd6 1/2-1/2

[Event "16th Sants Open 2014"]
[Site "Barcelona ESP"]
[Date "2014.08.23"]
[Round "2.54"]
[White "Alquist, Erik"]
[Black "Hernando Rodrigo, Julio Antonio"]
[Result "0-1"]
[BlackTitle "FM"]
[WhiteElo "2064"]
[BlackElo "2342"]
[WhiteFideId "1707701"]
[BlackFideId "2208350"]
[EventDate "2014.08.22"]

1. e4 e6 2. d4 d5 3. Nc3 Bb4 4. e5 c5 5. a3 Bxc3+ 6. bxc3 Ne7 7. Qg4 Qc7 8. Qxg7
Rg8 9. Qxh7 cxd4 10. Ne2 dxc3 11. f4 Nbc6 12. h4 Bd7 13. h5 O-O-O 14. Qd3 Kb8
15. h6 d4 16. h7 Rh8 17. Rb1 Bc8 18. g4 b6 19. Bg2 Bb7 20. Be4 Ng6 21. Rh5 Nf8
22. a4 f5 23. exf6 Nd7 24. Bxc6 Qxc6 25. g5 Nc5 26. Qg3 Qe4 27. g6 Qxc2 28. f5+
Ka8 29. g7 Nd3+ 30. Kf1 Qd1+ 0-1

[Event "16th Sants Open 2014"]
[Site "Barcelona ESP"]
[Date "2014.08.23"]
[Round "2.55"]
[White "Vidarte Morales, Arturo"]
[Black "Martinez Gutierrez, Bernard"]
[Result "1-0"]
[WhiteTitle "IM"]
[WhiteElo "2326"]
[BlackElo "2061"]
[WhiteFideId "3800253"]
[BlackFideId "2229188"]
[EventDate "2014.08.22"]

1. Nf3 d5 2. g3 Nf6 3. Bg2 Bf5 4. O-O e6 5. c4 c6 6. d3 Nbd7 7. cxd5 cxd5 8. Nc3
Be7 9. Re1 Bg4 10. e4 d4 11. Ne2 e5 12. Nh4 O-O 13. Nf5 Bxf5 14. exf5 Bb4 15.
Rf1 Qb6 16. h3 Rfe8 17. g4 h6 18. Ng3 Bd6 19. h4 e4 20. Nxe4 Nxe4 21. Bxe4 Nc5
22. Bf3 Qb5 23. a4 Qxd3 24. b4 Qxd1 25. Rxd1 Nb3 26. Rb1 Nxc1 27. Rbxc1 Bxb4 28.
Rxd4 a5 29. Rd7 Rad8 30. Rxb7 Re1+ 31. Rxe1 Bxe1 32. Kf1 Bb4 33. g5 hxg5 34.
hxg5 Rd6 35. g6 Rf6 36. Rb8+ Bf8 37. Bd5 Rxf5 38. gxf7+ Rxf7 1-0

[Event "16th Sants Open 2014"]
[Site "Barcelona ESP"]
[Date "2014.08.23"]
[Round "2.56"]
[White "Vigo Allepuz, David"]
[Black "Sowray, Peter J"]
[Result "1/2-1/2"]
[BlackTitle "FM"]
[WhiteElo "2059"]
[BlackElo "2325"]
[WhiteFideId "2226715"]
[BlackFideId "400971"]
[EventDate "2014.08.22"]

1. d4 e6 2. e4 d5 3. Nd2 Be7 4. Ngf3 Nf6 5. Bd3 c5 6. dxc5 dxe4 7. Nxe4 Nxe4 8.
Bxe4 Qxd1+ 9. Kxd1 Bxc5 10. Ke2 Nd7 11. Rd1 Nf6 12. Bg5 Bd7 13. Bxf6 gxf6 14.
Nd2 O-O-O 15. a4 f5 16. Bf3 e5 17. Bd5 Bxa4 18. Bxb7+ Kxb7 19. Rxa4 Rhg8 20. g3
Rg4 21. Raa1 Bb6 22. f3 Rb4 23. Nb3 Rxd1 24. Rxd1 Kc6 25. Ra1 h5 26. Ra3 f4 27.
c3 fxg3 28. hxg3 Rb5 29. c4 Rb4 30. c5 Bxc5 31. Nxc5 Kxc5 32. Rxa7 Rxb2+ 33. Ke3
f5 34. Rh7 Rb3+ 35. Ke2 Rb2+ 36. Ke3 Rb3+ 37. Ke2 Kd4 38. Rd7+ Kc4 39. Rf7 Rb2+
40. Ke3 Rb3+ 41. Ke2 Rb2+ 42. Ke3 Rb3+ 43. Ke2 Rb2+ 1/2-1/2

[Event "16th Sants Open 2014"]
[Site "Barcelona ESP"]
[Date "2014.08.23"]
[Round "2.57"]
[White "Lillo Castany, Victor"]
[Black "Garcia Castellote, Oscar"]
[Result "1-0"]
[WhiteTitle "FM"]
[WhiteElo "2319"]
[BlackElo "2058"]
[WhiteFideId "2278995"]
[BlackFideId "2278898"]
[EventDate "2014.08.22"]

1. e4 c5 2. Nf3 Nc6 3. Bb5 g6 4. Bxc6 dxc6 5. h3 Bg7 6. d3 Nf6 7. Nc3 O-O 8. Be3
b6 9. Qd2 e5 10. Bh6 Qd6 11. O-O-O a5 12. Nh2 b5 13. Ng4 Nh5 14. Bxg7 Kxg7 15.
Kb1 f6 16. g3 Be6 17. Ne2 Bf7 18. Qe3 g5 19. Qf3 h6 20. Ne3 Qe6 21. Nf5+ Kg6 22.
Nc1 Rad8 23. h4 Rh8 24. Rh2 Ng7 25. Rdh1 h5 26. g4 gxh4 27. Rxh4 1-0

[Event "16th Sants Open 2014"]
[Site "Barcelona ESP"]
[Date "2014.08.24"]
[Round "3.1"]
[White "Sanchez, Sebastian Felipe"]
[Black "Granda Zuniga, Julio E"]
[Result "0-1"]
[WhiteTitle "IM"]
[BlackTitle "GM"]
[WhiteElo "2391"]
[BlackElo "2663"]
[WhiteFideId "4403304"]
[BlackFideId "3800024"]
[EventDate "2014.08.22"]

1. e4 c5 2. Nf3 Nc6 3. d4 cxd4 4. Nxd4 e6 5. Nc3 a6 6. g3 Nge7 7. Nb3 Ng6 8. Bg2
Be7 9. a4 O-O 10. O-O Rb8 11. Qe2 b6 12. Be3 Qc7 13. f4 Na5 14. Nd2 Bb7 15. Qf2
Bc5 16. Nd1 d5 17. c3 dxe4 18. b4 Bxe3 19. Nxe3 Nc6 20. Nxe4 Nce7 21. Rfc1 a5
22. h4 Nf5 23. bxa5 bxa5 24. Nxf5 exf5 25. Ng5 Ne7 26. c4 Rfd8 27. Nf3 Be4 28.
c5 Nc6 29. Rd1 Nb4 30. Ne5 f6 31. Nc4 Nd3 32. Qa2 Qxc5+ 33. Kh2 Kh8 34. Na3 Nf2
35. Rxd8+ Rxd8 36. Nb5 Qe3 37. Rg1 Ng4+ 38. Kh1 Qxg3 0-1

[Event "16th Sants Open 2014"]
[Site "Barcelona ESP"]
[Date "2014.08.24"]
[Round "3.2"]
[White "Cori, Jorge"]
[Black "Gonzalez Rodriguez, Jorge A."]
[Result "1-0"]
[WhiteTitle "GM"]
[BlackTitle "IM"]
[WhiteElo "2630"]
[BlackElo "2382"]
[WhiteFideId "3802272"]
[BlackFideId "4400240"]
[EventDate "2014.08.22"]

1. g3 c5 2. Bg2 Nc6 3. e4 g6 4. f4 d6 5. Nf3 Bg7 6. O-O e6 7. c3 Nge7 8. d3 O-O
9. Be3 b6 10. Re1 Bb7 11. Nbd2 Qd7 12. Qc2 h6 13. Rad1 f5 14. Bf2 Kh7 15. Nc4 d5
16. exd5 Nxd5 17. d4 b5 18. Nce5 Nxe5 19. dxe5 c4 20. Bc5 Rfc8 21. Qf2 a6 22.
Bd6 Bf8 23. Nd4 Re8 24. Bxf8 Rxf8 25. Nc2 Qc7 26. Bxd5 Bxd5 27. Nb4 Bb7 28. Rd6
a5 29. Nc2 Rae8 30. Nd4 Ba8 31. Nxb5 Qf7 32. Red1 Re7 33. R1d4 g5 34. fxg5 hxg5
35. Rd8 Rxd8 36. Rxd8 Bd5 37. Nd4 Qh5 38. Qd2 Qg4 39. Kf2 Rg7 40. Qe2 Qh3 41.
Ke1 a4 42. a3 Re7 43. Rf8 Kg7 44. Rf6 Rf7 45. Nxe6+ Bxe6 46. Rxe6 f4 47. Rf6
Rxf6 48. exf6+ Kxf6 49. gxf4 gxf4 50. Qf2 Qf5 51. Qd4+ Kg5 52. Qg7+ Kh4 53. Kf2
Qd3 54. Qd4 Kg4 55. Qg7+ Kh4 56. Qh6+ Kg4 57. h3+ Kf5 58. Qh7+ Kg5 59. Qxd3 cxd3
60. c4 Kh4 61. c5 d2 62. Ke2 Kg3 63. Kxd2 f3 64. c6 f2 65. c7 f1=Q 66. c8=Q Qf2+
67. Kd1 Qxb2 68. Qg4+ Kf2 69. Qf4+ Kg2 70. Qg4+ Kf2 71. Qxa4 Qb1+ 72. Kd2 Qe1+
73. Kc2 Qe2+ 74. Kc1 Qe3+ 75. Kb1 Qxh3 76. Qc2+ Kf1 77. a4 Qg4 78. Qd3+ Kg1 79.
Qe3+ Kh1 80. Qe1+ Kg2 81. Qd2+ Kh1 82. a5 Qe4+ 83. Kb2 Qe5+ 84. Qc3 Qb5+ 85. Ka3
Kg2 86. Qb2+ Kg1 87. Qc3 Kg2 1-0

[Event "16th Sants Open 2014"]
[Site "Barcelona ESP"]
[Date "2014.08.24"]
[Round "3.3"]
[White "Martinez Romero, Martin"]
[Black "Sandipan, Chanda"]
[Result "0-1"]
[WhiteTitle "IM"]
[BlackTitle "GM"]
[WhiteElo "2387"]
[BlackElo "2619"]
[WhiteFideId "4404025"]
[BlackFideId "5004225"]
[EventDate "2014.08.22"]

1. e4 e5 2. Nf3 Nc6 3. Bb5 g6 4. O-O Bg7 5. c3 a6 6. Ba4 d6 7. d4 Bd7 8. dxe5
Nxe5 9. Nxe5 dxe5 10. Bg5 Nf6 11. f4 Bxa4 12. Qxa4+ Qd7 13. Qxd7+ Nxd7 14. f5
Bf8 15. Be3 Bc5 16. Bxc5 Nxc5 17. Nd2 O-O-O 18. Nc4 Rhe8 19. fxg6 fxg6 20. Rf7
Nxe4 21. Rxh7 b5 22. Ne3 Rd2 23. Rf1 Re6 24. h4 Rc6 25. Rf8+ Kb7 26. Rhh8 Rxb2
27. Rb8+ Ka7 28. Nd5 Rd6 29. Ne7 Rd1+ 30. Kh2 a5 31. c4 Rdd2 32. Nc6+ Ka6 33.
cxb5+ Rxb5 34. Ra8+ Kb6 35. Nxa5 Rdd5 36. Rhb8+ Kc5 37. Nb3+ Kb4 38. Rxb5+ Rxb5
39. Rg8 Rb6 40. Re8 Nf6 41. Re7 Rc6 42. Nd2 Rc3 43. Kg1 Ng4 44. Kf1 Rc2 45. Nf3
c5 46. Nxe5 Nxe5 47. Rxe5 c4 48. Re2 Rxe2 49. Kxe2 Ka3 0-1

[Event "16th Sants Open 2014"]
[Site "Barcelona ESP"]
[Date "2014.08.24"]
[Round "3.4"]
[White "Zude, Erik"]
[Black "Fier, Alexandr"]
[Result "0-1"]
[WhiteTitle "IM"]
[BlackTitle "GM"]
[WhiteElo "2381"]
[BlackElo "2570"]
[WhiteFideId "4604644"]
[BlackFideId "2107139"]
[EventDate "2014.08.22"]

1. d4 Nf6 2. c4 g6 3. Nc3 d5 4. Nf3 Bg7 5. Qb3 dxc4 6. Qxc4 O-O 7. e4 a6 8. Be2
b5 9. Qb3 c5 10. dxc5 Be6 11. Qc2 Nbd7 12. Be3 Rc8 13. Rd1 b4 14. Nd5 Bxd5 15.
exd5 Nxc5 16. O-O a5 17. Bc4 Nce4 18. Qe2 Qc7 19. Bb3 Ng4 20. Bd4 Nc5 21. Bxc5
Qxc5 22. Rfe1 Rc7 23. g3 Nh6 24. Rd2 Nf5 25. Kg2 Bf6 26. h4 Nd6 27. Nh2 h5 28.
Nf3 Qa7 29. Ba4 Rc4 30. Qd3 Rg4 31. Rc2 Rd8 32. Ne5 Bxe5 33. Rxe5 Nf5 34. Rxf5
gxf5 35. Qxf5 Qd4 36. Re2 Rxd5 37. Qc8+ Rd8 38. Qc7 Re4 39. Bd1 Rxe2 40. Bxe2
Rd5 0-1

[Event "16th Sants Open 2014"]
[Site "Barcelona ESP"]
[Date "2014.08.24"]
[Round "3.5"]
[White "Handke, Florian"]
[Black "Martinez Alcantara, Jose Eduardo"]
[Result "1-0"]
[WhiteTitle "GM"]
[BlackTitle "FM"]
[WhiteElo "2553"]
[BlackElo "2379"]
[WhiteFideId "4634527"]
[BlackFideId "3805662"]
[EventDate "2014.08.22"]

1. d4 Nf6 2. Nf3 g6 3. c4 Bg7 4. Nc3 d5 5. cxd5 Nxd5 6. e4 Nxc3 7. bxc3 c5 8. h3
O-O 9. Be2 b6 10. O-O Bb7 11. Qd3 Ba6 12. Qe3 Bxe2 13. Qxe2 cxd4 14. cxd4 Nc6
15. Be3 Rc8 16. Rad1 e6 17. d5 exd5 18. exd5 Na5 19. Bg5 Qd7 20. Qe7 Rfd8 21.
Rfe1 h6 22. Bh4 Bf8 23. Qe4 Re8 24. Ne5 Qc7 25. Bf6 Nb7 26. Qg4 Kh7 27. Nd7 Nc5
28. Nxf8+ Rxf8 29. d6 Qd7 30. Qf3 Rce8 31. Re7 Qa4 32. Rde1 Rxe7 33. dxe7 Rg8
34. Bd4 Qe8 35. Bxc5 bxc5 36. Qf6 c4 37. h4 a5 38. g3 a4 39. a3 h5 40. Rd1 c3
41. Rd8 c2 42. Rxe8 c1=Q+ 43. Kh2 1-0

[Event "16th Sants Open 2014"]
[Site "Barcelona ESP"]
[Date "2014.08.24"]
[Round "3.6"]
[White "Baches Garcia, Guillermo"]
[Black "Alsina Leal, Daniel"]
[Result "0-1"]
[WhiteTitle "IM"]
[BlackTitle "GM"]
[WhiteElo "2377"]
[BlackElo "2550"]
[WhiteFideId "2209764"]
[BlackFideId "2252627"]
[EventDate "2014.08.22"]

1. e4 c5 2. Nf3 d6 3. d4 cxd4 4. Nxd4 Nf6 5. Nc3 a6 6. Be3 e5 7. Nf3 Be7 8. Bc4
O-O 9. O-O Qc7 10. Bb3 Be6 11. Nd5 Nxd5 12. Bxd5 Bxd5 13. Qxd5 Nd7 14. c4 h6 15.
h3 Nf6 16. Qd3 Qc6 17. Nd2 b5 18. Rac1 Qb7 19. b3 Rfd8 20. Rc2 Rd7 21. f4 Bd8
22. f5 Ba5 23. Re1 bxc4 24. bxc4 Qc6 25. Kh2 Rc8 26. Re2 d5 27. exd5 Nxd5 28.
Qe4 Qc7 29. cxd5 Qxc2 30. Qg4 h5 31. Qxh5 Bxd2 32. Bxd2 Qd3 33. Rf2 f6 34. Qg6
Qxd5 35. Be3 Qf7 36. Qg4 Rc3 37. Rb2 Rd8 38. Bf2 Rcd3 39. Rb6 R3d6 40. Rb3 Rd2
41. Bc5 e4 42. Rg3 Rxa2 43. Qxe4 Ra1 44. Be3 Ra3 45. h4 Re8 46. Qf4 Qe7 47. Qc4+
Kh8 48. Bc5 Qc7 0-1

[Event "16th Sants Open 2014"]
[Site "Barcelona ESP"]
[Date "2014.08.24"]
[Round "3.7"]
[White "Kraemer, Martin"]
[Black "Schroeder, Jan-Christian"]
[Result "1-0"]
[WhiteTitle "GM"]
[BlackTitle "FM"]
[WhiteElo "2546"]
[BlackElo "2367"]
[WhiteFideId "4671910"]
[BlackFideId "24662259"]
[EventDate "2014.08.22"]

1. d4 e6 2. c4 d5 3. Nc3 Be7 4. Bf4 Nf6 5. e3 O-O 6. a3 Nbd7 7. Nb5 Ne8 8. Nf3
a6 9. Nc3 Nef6 10. c5 Nh5 11. Bd3 Re8 12. O-O Nf8 13. b4 Ng6 14. Qd2 Bd7 15. h3
Nhxf4 16. exf4 b6 17. Bxg6 hxg6 18. Ne5 Rf8 19. Rfe1 Be8 20. Qd3 a5 21. g3 g5
22. f5 exf5 23. Qxf5 Bf6 24. Rac1 axb4 25. axb4 Ra3 26. Re3 Rb3 27. Rb1 Rxb1+
28. Qxb1 Qa8 29. Qb3 bxc5 30. bxc5 c6 31. Kg2 Qc8 32. Na4 Bd8 33. Nb6 Qc7 34.
Qc2 g6 35. Qe2 f6 36. Nec4 dxc4 37. Rxe8 Qf7 38. Rxf8+ Kxf8 39. Qxc4 Qxc4 40.
Nxc4 Kf7 41. Kf3 Ke6 42. Ke4 Bc7 43. g4 f5+ 44. Kd3 Bb8 45. Nb6 Bc7 46. Kc4 Bb8
47. Na4 Bc7 48. Nb2 1-0

[Event "16th Sants Open 2014"]
[Site "Barcelona ESP"]
[Date "2014.08.24"]
[Round "3.8"]
[White "Bergez, Luc"]
[Black "Aroshidze, Levan"]
[Result "1/2-1/2"]
[WhiteTitle "IM"]
[BlackTitle "GM"]
[WhiteElo "2368"]
[BlackElo "2539"]
[WhiteFideId "606600"]
[BlackFideId "13601865"]
[EventDate "2014.08.22"]

1. e4 c5 2. Nf3 e6 3. d4 cxd4 4. Nxd4 Nc6 5. Nc3 Qc7 6. Be3 a6 7. Be2 Nf6 8. O-O
Be7 9. f4 d6 10. Kh1 O-O 11. Qe1 Nxd4 12. Bxd4 b5 13. a3 Bb7 14. Qg3 Bc6 15.
Rae1 Rac8 16. Bd3 e5 17. Nd5 Bxd5 18. fxe5 Nh5 19. Qf3 dxe5 20. exd5 exd4 21.
Bxh7+ Kxh7 22. Qxh5+ Kg8 23. Rf3 f6 24. Rh3 Qxc2 25. d6 Bxd6 26. Qh8+ 1/2-1/2